الوان يناير / (Record no. 60946)
[ view plain ]
| 000 -الفاتح | |
|---|---|
| حقل البيانات ثابتة الطول | 00786nam a22002297a 4500 |
| 005 - وقت وتاريخ اخر تعامل مع التسجيلة | |
| رقم الضبط | 20240530110436.0 |
| 008 - عناصر البيانات ثابتة الطول - معلومات عامة | |
| حقل البيانات ثابتة الطول | 150328s2012 ua f 000 e ara d |
| 017 ## - رقم الايداع القانونى | |
| رقم الايداع القانونى | 2011/20647 |
| المصدر ( الهيئة المختصة) | مصر . دار الكتب المصرية |
| 020 ## - الرقم الدولى المعيارى للكتب | |
| الرقم الدولى المعيارى للكتاب | 9789770930960 |
| 040 ## - مصدر الفهرسة | |
| وكالة الفهرسة الأصلية | EG-CaGPL |
| 082 04 - رقم تصنيف ديوى العشرى | |
| رقم الطبعة | 21 |
| رقم التصنيف | 303.4 |
| رقم المادة | ق/إ أ |
| 100 0# - المدخل الرئيسى - إسم شخصى | |
| الإسم الشخصى | ابراهيم عيسى |
| 245 10 - بيان العنوان | |
| العنوان | الوان يناير / |
| بيان المسئوليه,etc | ابراهيم عيسى |
| 250 ## - بيان الطبعة | |
| بيان الطبعة | ط1 |
| 260 ## - PUBLICATION, DISTRIBUTION, ETC. (IMPRINT) | |
| تاريخ النشر أو التوزيع | 2012 |
| 300 ## - الوصف المادى | |
| التعداد | 376 ص ؛ |
| أبعاد الوعاء | 24 سم |
| 600 04 - المدخل الاضافى بالموضوع-اسم شخصى | |
| الإسم الشخصى | ابراهيم عيسى |
| التقسيم الفرعي العام | مقالات |
| 650 04 - المدخل الاضافى بالموضوع-مصطلح موضوعى | |
| مصطلح موضوعي | ثورة 25 يناير |
| التقسيم الفرعي العام | مقالات |
| 651 04 - المدخل الاضافى بالموضوع - اسم جغرافى | |
| الاسم الجغرافي | مصر |
| التقسيم الفرعي العام | الاحوال السياسية |
| التقسيم الفرعي الزمني | ثورة 25 يناير |
| 942 ## - عناصر المدخل الإضافي( كوها) | |
| مصدر التصنيف او مخطط الترفيف | Dewey Decimal Classification |
| Koha [default] item type | كتاب |
| 260 ## - PUBLICATION, DISTRIBUTION, ETC. (IMPRINT) | |
| -- | القاهرة : |
| -- | دار الشروق ، |
| حالة التراجع | حالة الفقد | حالة تلف | ليس للاعارة | المكان المؤقت | الموقع الحالى | تاريخ الاكتساب | اجمالي اﻻعارات | رقم الطلب | الباركود | تاريخ اخر مشاهدة | تاريخ تفعيل السعر | نوع وعاء كوها |
|---|---|---|---|---|---|---|---|---|---|---|---|---|
| مكتبة القاهرة الكبرى | مكتبة القاهرة الكبرى | 04/08/2015 | 303.4 ق/إ أ | 160141 | 10/05/2022 | 04/08/2015 | كتاب |

